000 01088nam a2200337 i 4500
001 10653
003 KOSZ 005
005 20201009144708.0
008 080520s1965 pl a f f 000 0 pol
015 _aPB 1965/4921
040 _aWA N
_cKOSZ 005/RW
_dKOSZ 005/RW
_dKOSZ 005/HR
046 _k1965
080 _a691
080 _a536
100 1 _aStefański, Andrzej
_eAutor
245 1 0 _aPrzewodność cieplna materiałów budowlanych /
_cAndrzej Stefański.
250 _aWyd. 2 rozsz.
260 _aPoznań :
_bPaństwowe Wydawnictwo Naukowe,
_c1965.
300 _a220, [1] s. :
_bil. ;
_c24 cm.
380 _aKsiążki.
388 _a1901-
504 _aBibliogr. s. [213]-217.
650 4 _aCiepło
650 4 _aBudownictwo
650 4 _aMateriały budowlane
655 4 _aPodręczniki akademickie
658 _aArchitektura i budownictwo
710 2 _aPaństwowe Wydawnictwo Naukowe
_4pbl.
856 _uhttp://koha.tu.koszalin.pl/cgi-bin/koha/opac-detail.pl?biblionumber=10653
_yKatalog online BPK
942 _2UKD
_cKS
999 _c10653
_d10653